| 000 | 00998nam a2200337 a 4500 | ||
|---|---|---|---|
| 003 | AR-BaBNM | ||
| 005 | 20251128205546.0 | ||
| 008 | 082120s2002 ||||||||||||||000 | spa|| | ||
| 020 | _a950-582-022-4 | ||
| 040 | _cAR-BaBNM | ||
| 100 | 1 | _aBarros, Gloria | |
| 245 | 0 | 0 |
_aEl informe en servicio social _besquema para su elaboración |
| 250 | _a7ª ed. | ||
| 260 |
_aBuenos Aires _bHumanitas _c[ca. 1980] |
||
| 300 | _a125 p. | ||
| 490 | 0 |
_aCuadernos de servicio social _vv. 18 |
|
| 504 | _aBibliografía: p. 123-125 | ||
| 650 | 4 | _aTRABAJO SOCIAL | |
| 650 | 4 | _aSERVICIOS SOCIALES | |
| 650 | 4 | _aBIENESTAR SOCIAL | |
| 650 | 4 | _aELABORACION DE INFORMES | |
| 650 | 4 | _aPOLITICA DEL BIENESTAR | |
| 650 | 4 | _aPROTECCION SOCIAL | |
| 650 | 4 | _aORGANIZACIONES DE LA COMUNIDAD | |
| 700 | 1 | _aFaust de Penas, Beatriz | |
| 700 | 1 | _aSchvetz de Simonovich, Cecilia | |
| 700 | 1 |
_aGiberti, Eva _eprologuista |
|
| 800 | 1 |
_aSierra de Villaverde, Sela B. _edirector |
|
| 942 | _cBK | ||
| 998 | _csilvi | ||
| 999 |
_c11881 _d11881 |
||